| 000 | 01429nam0a2200349 4500 | ||
|---|---|---|---|
| 001 | RU\NLR\bibl\1439195 | ||
| 005 | 20250615224047.0 | ||
| 010 |
_a978-5-9704-1430-9 _92000 |
||
| 021 |
_aRU _b2009-77107 _94827 |
||
| 035 | _a(nilc)RSL-KNO-004388440 | ||
| 035 | _a(NLR Aleph) 001431057 | ||
| 090 |
_a1402922 _c1402922 |
||
| 100 | _a20090918d2010 |||y0rusy50 ca | ||
| 101 | 0 | _arus | |
| 102 | _aRU | ||
| 105 | _ay zzzz||||| | ||
| 200 | 1 |
_aГигиена детей и подростков _eучебник для студентов медицинских вузов _fВ. Р. Кучма |
|
| 210 |
_aМосква _cГЭОТАР-Медиа _d2010 [т. е. 2009] |
||
| 215 |
_a472, [1] с. _cил., табл. _d22 |
||
| 300 | _aКн. фактически изд. в 2009 г. | ||
| 320 | _aБиблиогр. в конце кн. | ||
| 606 | 1 |
_aДети _jУчебники для высших учебных заведений _xГигиена _91327617 _3RU\NLR\auth\66236783 |
|
| 606 | 1 |
_aПодростки _jУчебники для высших учебных заведений _xГигиена _91301050 _3RU\NLR\auth\66538826 |
|
| 686 |
_aР128я73-1 _2rubbk |
||
| 686 | _aР128.3я73-1 | ||
| 700 | 1 |
_aКучма _bВ. Р. _gВладислав Ремирович _4070 |
|
| 801 | 0 |
_aRU _bРКП _c20090918 _grcr |
|
| 801 | 1 |
_aRU _bРГБ _c20090918 |
|
| 801 | 2 |
_aRU _bNLR _c20091117 _grcr |
|
| 942 | _cBOOK | ||
| 980 | _aNB | ||